[Event "Hamburg-ch U16"]
[Site "Schoenhagen"]
[Date "2009.03.18"]
[Round "6"]
[White "Draeger, Daniel"]
[Black "Deutschbein, Christopher"]
[Result "1/2-1/2"]
[WhiteElo "1291"]
[BlackElo "1346"]
[PlyCount "77"]
[EventDate "2009.03.14"]
[EventType "swiss"]
[EventRounds "9"]
[EventCountry "GER"]
[SourceTitle "EXT 2010"]
[Source "ChessBase"]
[SourceDate "2010.11.25"]
[SourceVersion "1"]
[SourceVersionDate "2010.11.25"]
[SourceQuality "1"]

1. e4 e5 2. Nf3 Nc6 3. Nc3 Nf6 4. Bb5 Bc5 5. 0-0 d6 6. d3 a6 7. Bxc6+ bxc6 8. Bg5 h6 9. Bh4 g5 10. Bg3 Nh5 11. d4 exd4 12. Nxd4 Bxd4 13. Qxd4 0-0 14. Rad1 Ng7 15. Qc4 Rb8 16. b3 Bb7 17. f4 Nh5 18. Ne2 d5 19. exd5 cxd5 20. Qd4 Re8 21. Qd2 Qe7 22. Rde1 Qe3+ 23. Qxe3 Rxe3 24. fxg5 Rbe8 25. Nd4 Nxg3 26. Rxe3 Rxe3 27. hxg3 hxg5 28. Rf3 Rxf3 29. gxf3 Kg7 30. Kf2 Kf6 31. b4 Ke5 32. Ke3 Kd6 33. f4 gxf4+ 34. gxf4 Bc8 35. a3 c5 36. Nb3 cxb4 37. axb4 Bd7 38. c3 Bb5 39. Kd4 1/2-1/2